[Event "Trapani Province-ch"]
[Site "Erice"]
[Date "2012.01.22"]
[Round "3"]
[White "Guirreri, Filippo"]
[Black "Savalla, Salvatore"]
[Result "1/2-1/2"]
[WhiteElo "1442"]
[BlackElo "1879"]
[PlyCount "138"]
[EventDate "2012.01.15"]
[EventType "swiss"]
[EventRounds "6"]
[EventCountry "ITA"]
[SourceTitle "EXT 2024"]
[Source "ChessBase"]
[SourceDate "2023.10.10"]
[SourceVersion "1"]
[SourceVersionDate "2023.10.10"]
[SourceQuality "1"]

1. e4 e5 2. Nf3 Nc6 3. Bc4 Nd4 4. d3 Nxf3+ 5. Qxf3 Nf6 6. Bg5 Be7 7. Bxf6 Bxf6 8. Nc3 c6 9. a4 0-0 10. b4 Be7 11. Rb1 a6 12. 0-0 b5 13. Ba2 Bb7 14. a5 Bd6 15. Ne2 Qe7 16. c3 c5 17. bxc5 Bxc5 18. c4 Bc6 19. Nc3 Bb4 20. Nd5 Bxd5 21. exd5 bxc4 22. Bxc4 Bxa5 23. Ra1 Bc3 24. Rxa6 Rxa6 25. Bxa6 Bd4 26. Bc4 Qa3 27. Rb1 d6 28. g3 f5 29. Qe2 f4 30. gxf4 Rxf4 31. Rb8+ Rf8 32. Rxf8+ Kxf8 33. Qf3+ Ke7 34. Qg2 Qc1+ 35. Qf1 Qxf1+ 36. Kxf1 Kf6 37. Kg2 Kg6 38. Kg3 Kf6 39. f3 g5 40. Bb5 h5 41. Bd7 Kg6 42. h3 Be3 43. Be6 h4+ 44. Kg4 Kf6 45. Bf5 Ke7 46. Be4 Kd8 47. Kf5 Kc7 48. Kg4 Kb6 49. Kf5 Kc5 50. Kg4 Kb4 51. Kf5 Kc3 52. Kg4 Kd2 53. Bf5 Bf4 54. Be4 Ke3 55. Bf5 Kf2 56. Be4 Ke2 57. Bf5 Ke3 58. Be4 Kf2 59. Bf5 Be3 60. Be4 Bc1 61. Bf5 Bf4 62. Be4 Ke3 63. Kf5 Kd4 64. Kg4 Kc5 65. Kf5 Bd2 66. Kg4 Kb6 67. Kf5 Kc7 68. Kg4 Kd8 69. Bf5 Ke7 1/2-1/2

[Event "Nicolo La Rosa op 13th"]
[Site "Mazara del Vallo"]
[Date "2005.08.21"]
[Round "6"]
[White "Guirreri, Filippo"]
[Black "Speciale, Francesco"]
[Result "1/2-1/2"]
[WhiteElo "1532"]
[BlackElo "1730"]
[PlyCount "61"]
[EventDate "2005.08.19"]
[EventType "swiss"]
[EventRounds "6"]
[EventCountry "ITA"]
[SourceTitle "EXT 2024"]
[Source "ChessBase"]
[SourceDate "2023.10.10"]
[SourceVersion "1"]
[SourceVersionDate "2023.10.10"]
[SourceQuality "1"]

1. e4 e6 2. Bc4 d5 3. exd5 exd5 4. Bb5+ c6 5. Bd3 Nf6 6. Nf3 Bd6 7. 0-0 0-0 8. h3 Be6 9. b3 Nbd7 10. c4 Ne5 11. Nxe5 Bxe5 12. Nc3 dxc4 13. Bxc4 Bxc4 14. bxc4 Qc7 15. Bb2 Rad8 16. Re1 Rfe8 17. Kh1 Qb6 18. Na4 Qc7 19. Bxe5 Rxe5 20. d3 Rxe1+ 21. Qxe1 Rxd3 22. Nc5 Rd8 23. a4 b6 24. Ne4 Qe7 25. Rd1 Rxd1 26. Nxf6+ gxf6 27. Qxd1 Qb4 28. Qg4+ Kf8 29. Qc8+ Ke7 30. Qxc6 Qe1+ 31. Kh2 1/2-1/2